000 00312nam a22001337a 4500
020 _a9789332555235
082 _a629.895 SCH
100 _aRobert J. Schilling
245 _aFundamentals of robotics analysis and control
260 _aDelhi
_bPearson
_c2015
300 _a425p.
650 _aRobotics
942 _cBK
999 _c13735
_d13735